|
|
|
|
| LEADER |
00704nab a2200217 i 4500 |
| 001 |
acta9366 |
| 005 |
20250516094729.0 |
| 008 |
161015s1997 hu o 000 hun d |
| 022 |
|
|
|a 0865-5553
|
| 040 |
|
|
|a SZTE Egyetemi Kiadványok Repozitórium
|b hun
|
| 041 |
|
|
|a hun
|
| 100 |
1 |
|
|a Abrams Meyer H.
|
| 245 |
1 |
0 |
|a Tetten ért szövegek
|h [elektronikus dokumentum] /
|c Abrams Meyer H.
|
| 260 |
|
|
|a Pompeji Alapítvány
|b Szeged
|c 1997
|
| 300 |
|
|
|a 245-271
|
| 490 |
0 |
|
|a Pompeji
|
| 650 |
|
4 |
|a Bölcsészettudományok
|
| 650 |
|
4 |
|a Nyelvek és irodalom
|
| 695 |
|
|
|a Irodalomtudomány
|
| 700 |
0 |
1 |
|a Hartvig Gabriella
|
| 856 |
4 |
0 |
|u http://acta.bibl.u-szeged.hu/9366/1/pompeji_1997_002_003_245-271.pdf
|z Dokumentum-elérés
|